Shoes by picture - Part 2 - Statistics

General Stats
  • This quiz has been taken 67 times
  • The average score is 6 of 16
Answer Stats
Picture Answer % Correct
Horse shoes
79%
High heels
77%
Roller shoes
58%
Sandals
54%
Clogs
53%
Stiletto's
53%
Rainboots
51%
Riding boots
35%
Combat boots
26%
Biker boots
23%
Tap dance shoes
23%
Mocassins
21%
Cycling shoes
12%
Geta
4%
Lotus shoes
4%
Okobo
0%
No matching quizzes found
Score Distribution
Percent of People with Each Score
Percentile by Number Answered
Your Score History
You have not taken this quiz